=LDR 00000nam 2200000 4500 =001 INLIS000000000005640 =005 20130612093851 =008 ***********************************Ind** =035 ##$$0010-061300000005640 =041 ##$$a Ind =082 ##$$a 294.54 =090 ##$$a 294.54, Sug d =100 ##$$a Sugriwa, I Gusti Bagus Sudhyatmaka =245 ##$$a Dwijendra, tatwa, I Gusti Bagus Sudhyatmaka Sugrwa =260 ##$$a 1995 $b Denpasar =300 ##$$a 67 hlm., 21 cm =650 ##$$a Hinduisme - Pendeta